000 00351nam a2200145Ia 4500
008 221007s9999 xx 000 0 und d
041 _aeng
082 _bMAM
100 _aMamdyal V V (2K4215)
_9102198
245 _aSales System For Estate Agent
260 _c2006
_bPune University
_aPune
300 _a97p
520 _aVaze S
906 _bGeneral
999 _c69359
_d69359